000 00454nam a2200169Ia 4500
003 GCL
008 140319s9999 xx 000 0 eng d
040 _aGCL /
_cGCL
082 0 4 _a371.102
_bO S
100 1 _aORNSTEIN, ALLEN
245 1 0 _aSTRATEGIES FOR EFFECTIVE TEACHING /
_cORNSTEIN, ALLEN
260 _aنيويورك :
_bBROWN - BENCHMARK ،
_c1995
300 _a488 P ؛
_c19 cm.
650 0 4 _aTEACHING
650 0 4 _aLEARNING
942 _2ddc
_cBK
999 _c24212
_d24212